000 00678nam a2200229Ia 4500
003 OSt
005 20220923212703.0
006 a|||||r|||| 00| 0
007 ta
008 220922b |||||||| |||| 00| 0 hin d
024 _a155,275
037 _cTextual
040 _aARTS
_cARTS
_bhin
041 _2hin
_ahin
082 _aO15,1D40:g, 152J6
100 _aउपाध्याय, भगवतशरण
245 0 _aकालिदास और उनका युग
246 _aKālidās aur unakā yuga
260 _c1956
942 _hO15,1D40:g, 152J6
_cTEXL
_2CC
999 _c310826
_d310826